UM Logo

The federal bank robbery act : (Record no. 20721)

MARC details
000 -LEADER
fixed length control field 00779nam a22001817a 4500
003 - CONTROL NUMBER IDENTIFIER
control field OSt
005 - DATE AND TIME OF LATEST TRANSACTION
control field 20250902141830.0
008 - FIXED-LENGTH DATA ELEMENTS--GENERAL INFORMATION
fixed length control field 240820b ||||| |||| 00| 0 eng d
040 ## - CATALOGING SOURCE
Transcribing agency 0
082 ## - DEWEY DECIMAL CLASSIFICATION NUMBER
Classification number DPer 364.05 J826 Summer-Fall 2019 v. 109 n. 3-4
100 ## - MAIN ENTRY--PERSONAL NAME
Personal name Piaskoski, Paul R.
Relator term author.
9 (RLIN) 58536
245 ## - TITLE STATEMENT
Title The federal bank robbery act :
Remainder of title Why the current split involving the use of force requirement for attempted bank robbery is really an exception /
Statement of responsibility, etc. Paul R. Piaskoski.
260 ## - PUBLICATION, DISTRIBUTION, ETC. (IMPRINT)
Place of publication, distribution, etc. Evanston ;
Name of publisher, distributor, etc. Northwestern University Press ,
Date of publication, distribution, etc. Summer 2019.
300 ## - PHYSICAL DESCRIPTION
Extent Volume 109, pages 675-702 ;
Dimensions 26 cm.
500 ## - GENERAL NOTE
General note The Journal of Criminal Law and Criminology, vol. 109, no. 3, pages 675-702, Summer 2019.
700 ## - ADDED ENTRY--PERSONAL NAME
Personal name Piaskoski, Paul R.
Relator term author.
9 (RLIN) 58536
942 ## - ADDED ENTRY ELEMENTS (KOHA)
Source of classification or shelving scheme Dewey Decimal Classification
Koha item type Periodicals
Holdings
Withdrawn status Lost status Source of classification or shelving scheme Damaged status Not for loan Collection code Home library Current library Date acquired Total Checkouts Full call number Date last seen Price effective from Koha item type Public note
    Dewey Decimal Classification     Periodicals UM Digos College - LIC UM Digos College - LIC 08/20/2024   DPer 364.05 J82 Summer-Fall 2019 v. 109 n. 3-4 08/20/2024 08/20/2024 Periodicals Periodical Article